| 000 | 01245nam a22002777a 4500 | ||
|---|---|---|---|
| 005 | 20101207143247.0 | ||
| 008 | 101207t xxu||||| |||| 00| 0 eng d | ||
| 010 | _aENG-101779 | ||
| 020 |
_a9780198067962 _c550.00 |
||
| 020 |
_a01980667968 _c550.00 |
||
| 035 | _aEN-85312 | ||
| 037 | _bDBAD/PUB | ||
| 040 |
_adpl _bEng |
||
| 082 | _a378 | ||
| 100 |
_aBeteille,Andre _924646 |
||
| 245 |
_aUniversities at the crossroads / _cby Andre Beteille |
||
| 260 |
_aNew Delhi _bOxford University Press _c2010 |
||
| 270 |
_aYMCA Library Building, Jai Singh Road _bNew Delhi _e110001 |
||
| 300 |
_ax,205p. _c23cm (Hb) |
||
| 500 | _aIncludes index | ||
| 520 | _aDrawing from several decades of scholarship, these essays astutely examine a largely undocumented institution-the university in India. By focusing on the academic, social, and political pressures that impinge on this institution, the book also boldly addresses the much-debated issue of reservations in the country. | ||
| 650 |
_aEducation, Higher _zIndia. _924647 |
||
| 650 |
_aHigher education and state _z India _924648 |
||
| 942 |
_2ddc _cEN _h378 _mBET |
||
| 999 |
_c49011 _d49011 |
||